| 000 | 01021naa a22002657a 4500 | ||
|---|---|---|---|
| 001 | BR8800506 | ||
| 003 | BR-BrBNA | ||
| 005 | 20250721154550.0 | ||
| 007 | ta | ||
| 008 | 250630b bl.|||m| |||| 00| 0 por d | ||
| 040 |
_aBR-BrBNA _bpor _cBiblioteca Nacional de Agricultura |
||
| 041 | _a(Pt) | ||
| 072 | _aT01 | ||
| 090 | _aT01 BR8800506 | ||
| 100 | 1 | _aFerreira, C.P. | |
| 111 | 1 |
_aSeminario Herbicidas em Reflorestamento _cPiracicaba, SP (Brazil) _d1-3 Jul 1986 |
|
| 245 | 1 | _aAspectos toxicologicos e de seguranca no manuseio de agroquimicos | |
| 500 | _aAnais do Seminario Herbicidas em Reflorestamento Piracicaba, SP (Brasil): 1986. p. 132-150 (BR8800506-AMS) | ||
| 773 | 0 |
_tAnais do Seminario Herbicidas em Reflorestamento _wT01 BR8800506 _gPiracicaba, SP (Brasil), 1986. p. 132-150 |
|
| 650 | _aTOXIDEZ | ||
| 650 | _aAGROTOXICO | ||
| 490 |
_aSerie Tecnica - Instituto de Pesquisas e Estudos Florestais (Brazil) _vv. 4(12) _xISSN 0100-8137 |
||
| 942 |
_cAMS _2AGRIS |
||
| 909 |
_a202506 _bLúcia _c55 _dLúcia Elande |
||
| 999 |
_c335687 _d335687 |
||